000 00492 a2200193 4500
003 Nust
005 20170207152548.0
010 _a 88016937
020 _a013162959X
040 _cNust
082 0 0 _a004.6
100 1 _aTanenbaum, Andrew S.,
245 1 0 _aComputer networks /
_cAndrew S. Tanenbaum.
250 _a2nd ed.
260 _aEnglewood Cliffs, N.J. :
_bPrentice-Hall,
_cc1988.
300 _axv, 658 p. :
_bill. ;
_c25 cm.
500 _aIncludes index.
650 0 _aComputer networks.
942 _2ddc
_cBK
999 _c177089
_d177089